01828nam a2200397 a 4500001001200000003000800012006001900020007001500039008004100054010001700095020001500112020001800127020002700145040002100172035002100193043002100214050002800235082002100263245014700284260005100431300002500482505026200507533015200769600006000921600005900981600002001040610002701060650004601087650003401133650005501167655002901222700001901251710001701270856012601287999001701413ebr10574650CaPaEBRm u cr cn|||||||||090504s2008 za a s 000 0 eng d z 2009319490 z998224051X z9789982240512 z9789982240635 (e-book) aCaPaEBRcCaPaEBR a(OCoLC)801412947 af-za---af------14aDT1949.S425bS57 2008eb04a361.2609689422202aA house in Zambiah[electronic resource] :brecollections of the ANC and Oxfam at 250 Zambezi Road, Lusaka, 1967-97 /cedited by Robin Palmer. aLusaka, Zambia :bBookworld Publishers,c2008. axiii, 169 p. :bill.0 apt. 1. Background -- pt. 2. The Oxfam representatives in Zambia -- pt. 3. The Oxfam desk officer and regional manager -- pt. 4. The incredible Oxfam support staff -- pt. 5. Some friends of Oxfam -- pt. 6. Two postscripts, 2004-05 -- pt. 7. Closing thoughts. aElectronic reproduction.bPalo Alto, Calif. :cebrary,d2011.nAvailable via World Wide Web.nAccess may be limited to ebrary affiliated libraries.10aSimons, H. J.q(Harold Jack)xHomes and hauntszZambia.10aSimons, R. E.q(Ray Esther)xHomes and hauntszZambia.10aSmith, Susanna.20aOXFAM-ZambiaxHistory. 0aHumanitarian assistance, BritishzZambia. 0aCivil rights workerszZambia. 0aAnti-apartheid activistszSouth AfricavBiography. 7aElectronic books.2local1 aPalmer, Robin.2 aebrary, Inc.40uhttp://site.ebrary.com/lib/rucke/Doc?id=10574650zAn electronic book accessible through the World Wide Web; click to view c78885d78885